Fluid Mechanics (Record no. 372981)

000 -LEADER
fixed length control field 00198 a2200097 4500
090 ## - LOCALLY ASSIGNED LC-TYPE CALL NUMBER (OCLC); LOCAL CALL NUMBER (RLIN)
-- 12552
-- 12552
100 ## - MAIN ENTRY--PERSONAL NAME
Personal name Hansen A G
245 ## - TITLE STATEMENT
Title Fluid Mechanics
260 ## - PUBLICATION, DISTRIBUTION, ETC.
Name of publisher, distributor, etc. John Wiley
942 ## - ADDED ENTRY ELEMENTS (KOHA)
Institution code [OBSOLETE] NUST-CAE
Holdings
Withdrawn status Lost status Damaged status Not for loan Permanent Location Current Location Date acquired Total Checkouts Barcode Date last seen Price effective from Koha item type
        College of Aeronautical Engineering (CAE) College of Aeronautical Engineering (CAE) 03/28/2018   CAE65628 03/28/2018 03/28/2018 Book
© 2023 Central Library, National University of Sciences and Technology. All Rights Reserved.